000 02287cab a2200313Ia 45 0
001 u208919
003 SIRSI
008 120917s2002 ua ss b eng d
040 _aEAL
041 _aeng
_bara
090 _aART JART V28 No1 2
100 1 _aEl-Kazzaz, M. K.
240 1 0 _aJournal of agricultural research Tanta University, 2002 v.28 (1)
_h[electronic resource].
245 1 0 _aIn vitro effects of some bacterial and fungal antagonists on certain soil borne fungi isolated from diseased tomato and pepper plants
_h[electronic resource].
246 1 5 _aدراسات معملية عن تأثير بعض البكتيريات والفطريات المضادة على بعض المسببات الفطرية المحمولة بالتربة والمعزولة من نباتات الطماطم والفلفل المريضة.
300 _ap.9-22.
504 _aIncludes references.
520 _aSoil samples collected from the rhizosphere of healthy tomato and pepper plants resulted in isolation of 45 bacterial isolates and 12 fungal isolates exhibiting marked antifungal activity against Fusarium oxysporum f. sp. Lycopersici, Rhizoctonia solani. Fusarium solani, and Pythium aphanidermatum the causal fungi of wilt and root rot to tomato and pepper plants. These biocontrol agents belong to Bacillus spp., Pseudomonas spp. as bacterial antagonists as well as Actinomyctes isolates, while fungal isolates belonged to Trichoderma spp., Gliocladium spp., Myrothecium spp., Paecilomyces spp. and Geotrichum spp. Among these antifungal antagonists Trichoderma harzianum. Gliocladium virens, Pseudomonas fluorescens. Bacillus subtilis and an Actinomycete sp. proved to have high potential effect against the tested pathogens.
546 _aSummary in Arabic.
650 0 _aTomatoes
_xDiseases and pests
_xBiological control.
650 0 _aPeppers
_xDiseases and pests
_xBiological control.
650 0 _aSoilborne plant pathogens
_xBiological control.
650 0 _aFungi as biological pest control agents
700 1 _aGhoniem, K. E.
700 1 _aHammoud, Sahar M. H.
773 0 _tJournal of Agricultural Research Tanta Univeristy.
_g2002.v.28(1)
_x1110-032X
_7nnas
_wu200869
856 4 0 _uhttp://nile.enal.sci.eg/EALE/2002/JART/2802/1/9.pdf
_zFull Text Article
596 _a1
942 _cAR
_2lcc
999 _c58593
_d58593